000 00935nam a2200205 a 4500
001 000041618
005 20201002035653.0
008 131014s1984 sp a 000 0 spa d
020 _a8400058666
040 _aDO-SdBNP
_bspa
_cBNPHU
082 _axxx
_bxxx
100 1 _aPrieto Lucena, Ana María
_968397
245 1 0 _aFilipinas durante el Gobierno de Manrique de Lara :
_b1653-1663 /
_cAna María Prieto Lucena ; edición preparada por José Hernández Palomo.
260 _aSevilla :
_bEscuela de Estudios Hispano-Americanos,
_c1984.
300 _axiv, 163 p. :
_bil. ;
_c19 cm.
490 1 _aPublicaciones de la Escuela de Estudios Hispano-Americanos de la Universidad de Sevilla
_v304
500 _aIncluye referencias bibliográficas y notas al pie de las páginas.
700 1 2 _aHernández Palomo, José
_eed.
_914975
830 0 _aPublicaciones de la Escuela de Estudios Hispano-Americanos de la Universidad de Sevilla
_n304
_968398
999 _c41108
_d41108